Proceedings /
Guardado en:
| Autores Corporativos: | , |
|---|---|
| Formato: | Libro |
| Idioma: | English |
| Publicado: |
Los Alamitos, Calif. :
IEEE Computer Society Press,
c1990.
|
| Etiquetas: |
Agregar Etiqueta
Sin Etiquetas, Sea el primero en etiquetar este registro!
|
| LEADER | 01045nam a22002055a 4500 | ||
|---|---|---|---|
| 001 | MAT.inmabb006936 | ||
| 008 | 160811s1990####caua#####b####101#0#eng#d | ||
| 005 | 20160811150108.0 | ||
| 245 | 1 | 0 | |a Proceedings / |c 31st Annual Symposium on Foundations of Computer Science, October 22-24, 1990, St. Louis, Missouri ; sponsored by IEEE Computer Society Technical Committee on Mathematical Foundations of Computing. |
| 260 | |a Los Alamitos, Calif. : |b IEEE Computer Society Press, |c c1990. | ||
| 300 | |a 2 v. : |b il. ; |c 28 cm. | ||
| 504 | |a Incluye referencias bibliográficas e índice de autores. | ||
| 020 | |a 081862082X | ||
| 022 | |a 0272-5428 | ||
| 111 | 2 | |a Annual symposium on foundations of computer science |n (31º : |d 1990 : |c St. Louis, Missouri) | |
| 710 | 2 | |a IEEE Computer Society. |b Technical Committee on Mathematical Foundations of Computing. | |
| 246 | 1 | 8 | |a 31st Symposium on Foundations of Computer Science |
| 084 | |a 68-06 |2 msc2000 | ||
| 859 | |h 68 |i An615-31 |p A-6588 |v 1 |3 Vol. I |b BIB. MATEMATICA | ||
| 859 | |h 68 |i An615-31 |p A-6589 |v 2 |3 Vol. II |b BIB. MATEMATICA | ||
